Marvel Heroes from the 2000's - Statistics

General Stats
  • This quiz has been taken 21 times
    18 since last reset
  • The average score is 29 of 138
Answer Stats
Year Character % Correct
2011 Spider-Man (Miles Morales)
82%
2005 Amadeus Cho
76%
2005 Hawkeye (Kate Bishop)
59%
2016 Ironheart
59%
2005* Stature / Stinger
59%
2005 Asgardian (Billy Kaplan)
53%
2005 Hulkling
53%
2014 Ms. Marvel (Kamala Khan)
53%
2014 Silk
53%
2014 Spider-Gwen
53%
2006 Speed
47%
2015 Falcon (Joaquin Torres)
41%
2015 Gwenpool
41%
2005 Iron Lad
41%
2005 Patriot
41%
2017 Patriot (Rayshaun Lucas)
41%
2004 Phyla-Vell
41%
2003 Rockslide
41%
2005 Shuri
41%
2007 Skaar
41%
2016 Wasp (Nadia Van Dyne)
41%
2003 White Tiger (Angela del Toro)
41%
2011 White Tiger (Ava Ayala)
41%
2002 White Tiger (Kasper Cole)
41%
2011 America Chavez
35%
2006 Ant-Man (Eric O'Grady)
35%
2004 Arana / Spider-Girl
35%
2008 Cosmo the Spacedog
35%
2001 Jessica Jones
35%
2015 Moon Girl
35%
2011 Nova (Sam Alexander)
35%
2000 Sentry
35%
2002 Fantomex
29%
2007 Groot
29%
2003 Kid Omega (Quentin Quire)
29%
2019 Luna Snow
29%
2009 Power Man (Victor Alvarez)
29%
2004 Star-lord
29%
2004 Surge
29%
2018/2019**** Sword Master
29%
2004 X-23
29%
2004 Abigail Brand
24%
2003 Anole
24%
2004 Armor
24%
2002 Dust
24%
2001 Elsa Bloodstone
24%
2015 Honey Badger
24%
2008 Hope Summers
24%
2006** Korg
24%
2004 Lionheart
24%
2003 Lucy in the Sky
24%
2006 Miek
24%
2003 Molly Hayes
24%
2006 Omega
24%
2008 She-Hulk (Lyra)
24%
2015 Viv Vision
24%
2008/2011*** Agent Coulson
18%
2003 Arsenic and Old Lace
18%
2008 Blue Marvel
18%
2003 Chase Stein
18%
2010 Finesse
18%
2014 Inferno
18%
2015 Iron Patriot (Toni Ho)
18%
2012 Nightmask
18%
2004 Pixie
18%
2012 Smasher
18%
2023 Spider-Boy
18%
2013 Starbrand
18%
2001 the Stepford Cuckoos
18%
2000 Thor Girl
18%
2015 White Fox
18%
2018/2019**** Aero
12%
2012 Alpha
12%
2015 Blindspot
12%
2015 Chipmunk Hunk
12%
2007 Fat Cobra
12%
2014 Flint
12%
2015 Giant-Man (Raz Malhotra)
12%
2005 Gravity
12%
2010 Hazmat
12%
2010 Hit-Monkey
12%
2008 Jackpot (Alana Jobson)
12%
2007 Jackpot (Sara Ehret)
12%
2015 Koi Boi
12%
2010 Lady Deadpool
12%
2004 Loa
12%
2009 Manifold
12%
2005 Maria Hill
12%
2000 Marvel Boy
12%
2010 Mettle
12%
2001 Morph
12%
2000 Nocturne
12%
2002 Outlaw
12%
2010 Oya
12%
2003 Prodigy
12%
2004 Quake
12%
2009 Reptil
12%
2008 Slingshot (Yo-Yo Rodriguez)
12%
2006 Tarantula (Maria Vasquez)
12%
2010 Transonic
12%
2001 U-Go Girl
12%
2005 Victor Mancha
12%
2019 Wave
12%
2010 Zero
12%
2009 Bombshell
6%
2021 Cherub
6%
2007 Cloud 9
6%
2019 Crescent
6%
2021 Cyclops-Lass
6%
2005 Darwin
6%
2021 Daycrawler
6%
2005 Debrii
6%
2007 Gauntlet
6%
2021 Gimmick
6%
2014 Haechi
6%
2012 Hummingbird
6%
2014 Iso
6%
2016 Kid Kaiju
6%
2007 Komodo
6%
2012 Lady Fantomex
6%
2021 Marvel Guy
6%
2005 Microbe
6%
2012 Miss Thing
6%
2014 Naja
6%
2013 Pod
6%
2010 Primal
6%
2016 Red Dagger
6%
2017 Red Locust
6%
2015 Singularity
6%
2018 Snowguard
6%
2019 Starling
6%
2010 Striker
6%
2013 Sun Girl
6%
2015 Synapse
6%
2010 Veil
6%
2010 Velocidad
6%
2006 Venus
6%
2018 Voyager
6%
No matching quizzes found
Score Distribution
Percent of People with Each Score
Percentile by Number Answered
Your Score History
You have not taken this quiz since the last reset